000 01430nam0a22002891 4500
001 rc\3344254
005 20130115152014.8
021 _aRU
_bП804-74
035 _a(NLR Aleph) 007432577
090 _a7031319
_c7031319
100 _a20130115d1973 |||y0rusy50 ca
101 0 _arus
102 _aRU
105 _ay z |||||
200 1 _aСостояние сердечно-сосудистой системы у лиц предпенсионного и пенсионного возраста и их трудоспособность
_fМ-во соц. обесп. РСФСР. Центр. отраслевое бюро науч.-техн. информации и пропаганды
210 _aМосква
_cБ. и.
_d1973
215 _a17 с.
_d19
225 1 _aОбзорная информация
_iСерия: Врачебно-трудовая экспертиза и восстановление трудоспособности инвалидов
_vВып. 20
300 _aНа 2-й с. обл. авт.: В.А. Трангейзер, д-р мед. наук. В.И. Яковлева, канд. мед. наук, Т.Е. Сокирко
700 1 _aТрангейзер
_bВ. А.
_gВалентина Андреевна
701 1 _aЯковлева
_bВ. И.
701 1 _aСокирко
_bТ. Е.
801 0 _aRU
_bNLR
_gpsbo
801 1 _aRU
_bELAR
_2rusmarc
852 _aNLR
_jП16/1322
942 _cBOOK
980 _aNB